Jujutsu kaisen character by last words - Statistics

General Stats
  • This quiz has been taken 82 times
  • The average score is 14 of 37
Answer Stats
Hint Answer % Correct
"Destroy...everything. Everything...big sister." Mai
87%
"Thank you Yuji...for being my little brother" Choso
86%
"In two or three years, my kid will be sold of to the Zen'in clan. Do what you will with that." Toji
86%
"Itadori...you've got it from here." Nanami
83%
"Not Zen'in, huh? Good for you." Toji
81%
"It means when we grow up...we'll get married." Rika
67%
"GRANITE..." Ryu
62%
"GRAVITY. MASS. TIME. THEY ALL DESERVE TO BE TREATED WITH THE UTMOST CAUTION!" Yuki
60%
"It's a curse...principal Gakuganji. A curse from me...to you." Yaga
59%
"I knew that. After all...I was born...of humans." Mahito
56%
"Yu-ji-i...w-why?" Junpei
54%
"You should at least curse me at the end." Geto
52%
"You did it. Master Jinichi" Ranta
44%
"Hold her still! Ranta!" Jinichi
40%
"I pray that this all isn't just my imagination" Gojo
38%
"BIG BROOO!!!" Kechizu
38%
"Let fate toy with you, become a clown and die." Reggie
38%
"But do not dare to insult me. For I am a CURSE!!" Sukuna
37%
"When it's your time to go, make sure you're surrounded by others. Don't end up like me" Wasuke
37%
"Live a long life, okay?" Yuji
30%
"Once again, I live...TO SEE ANOTHER DAY!!" Haruta
27%
"What...is this?" Jogo
25%
'I LIKE THE TASTE OF IRON!!!" Kurourushi
25%
"SUKUNA DIE!!" Nanako
25%
"No matter how you do it, if you're happy...my wish willhave come true." Kokichi
24%
"SO LET US FIGHT MY WORTHLESS CHILD!!!" Ogi
24%
"YOU PIECE OF TRASH!" Naoya
19%
"It's not...OVER Y-" Dagon
17%
"Doesn't that get old?" Kashimo
16%
"Think of it as me...and use it with care." Yorozu
16%
"All I need to do is...USE MY CURSED TECHNIQUE!!" Hanami
14%
"You guys are next. I'm sure it'll be amusing." Kenjaku
14%
"That's wrong! Why-the domain's guaranteed hit..." Naoya
13%
"Dammit! So it wasn't just a counter-move!" Eso
11%
"Yeah!" Riko
10%
"Heh...I guess you're right." Uraume
8%
"Beats me. You can eat it for all I care." Hazenoki
6%
No matching quizzes found
Score Distribution
Percent of People with Each Score
Percentile by Number Answered
Your Score History
You have not taken this quiz